| 000 | 00873cam a2200205 i 4500 | ||
|---|---|---|---|
| 005 | 20251215112652.0 | ||
| 008 | 250721s1994 ua gr 000 0 ara d | ||
| 020 | _a97750509515 | ||
| 082 | 1 | 4 |
_a216,9 _bم ا و |
| 100 | 1 |
_aالماوردي، أبو الحسن . _d450ه. _eمؤلف. |
|
| 245 | 1 | 0 |
_aأدب الوزير : _bالمعروف بقوانين الوزارة و سياسة الملك / _cلقاضي القضاة ابي الحسن علي بن محمد بن حبيب الماوردى؛ صححه حسن الهادي حسين. |
| 250 | _aالطبعه الثانيه. | ||
| 264 | 3 | 1 |
_aالقاهرة : _bمكتبة الخانجي، _c1994. |
| 300 | _a58 صفحه. | ||
| 490 | 0 | _aالرسائل النادرة | |
| 650 | 1 | 7 | _aالأحكام السلطانية. |
| 700 | 1 |
_aحسين، حسن الهادي _eتحقيق. |
|
| 942 |
_2ddc _cBK |
||
| 999 |
_c2868 _d2868 |
||